000
00296nam a2200121Ia 4500
008
190216s9999||||xx |||||||||||||| ||und||
100
_a
Vallathol
245
0
_a
Vishukkani
260
_b
"Vallathol Grandhalayam, Cheruthuruthi"
_c
1976
300
_a
52p
650
_a
Malayalam Kavitha
942
_c
BK
999
_c
24232
_d
24232